| 000 | 00860nam a2200241 i 4500 | ||
|---|---|---|---|
| 001 | bg | ||
| 100 | 1 | _aKARWOWSKI, Edward | |
| 245 | 1 | 0 |
_aWycena aktywów i pasywów oraz ustalanie wyniku finansowego - 2005 / _cEdward Karwowski, Przemysław Karwowski. |
| 260 |
_aWarszawa : _b"AD. Drągowski", _c2005. |
||
| 300 |
_a189, [1] s. ; _c24 cm. |
||
| 650 | 9 |
_aBilans księgowy _zPolska _yod 1989 r. |
|
| 650 | 9 |
_aPrzedsiębiorstwo _xwycena _xprawo _zPolska _yod 1989 r. |
|
| 650 | 9 |
_aRachunkowość _xprawo _zPolska _ystan na 2005 r. |
|
| 700 | 1 | _aKARWOWSKI, Przemysław | |
| 020 | _a8389604361 | ||
| 040 | _cBPK | ||
| 041 | 0 | _apol | |
| 080 | _a346.52:657.3:334.72.003.12](438) | ||
| 920 | _a83-89604-36-1 | ||
| 942 | _cKS | ||
| 008 | s pl f |000 0 pol | ||
| 999 |
_c45747 _d45747 |
||
| 856 |
_uhttp://koha.tu.koszalin.pl/cgi-bin/koha/opac-detail.pl?biblionumber=45747 _yKatalog online BPK |
||